000 00504nam a22001937a 4500
003 MPLRDC
005 20220104143029.0
008 210129b ||||| |||| 00| 0 eng d
020 _a978-983-01-0689-2
082 _a859.6 DWXS v.4
100 _a牧铃
245 _a九村突围
_c
250 _a初版
260 _a马来西亚
_b联营出版(马)有限公司
_c2012
300 _b206
490 _a联营好书.动物小说: 04
650 _a儿童文学--小说
942 _cBK
_o859.6 DWXS v.4
999 _c35949
_d35939